000 00584nam a22002297a 4500
003 UA-OsUOA
001 81637
007 ta
008 20120203b un ||||| |||| 00| 0 ukr d
100 _aЧужиков В.
700 _aБояр А.
090 _a330(477)
_bЧ-86
942 _cSA
040 _aUA-OsUOA
_bukr
_cUA-OsUOA
_dUA-OsUOA
245 _aАнтикризовий бюджетний менеджмент в ЄС
300 _aС.69-79
955 _a0
041 _aukr
080 _a330(477)
773 0 _w81634
650 7 _a330 Економіка взагалі
_2UDC
999 _c367962
_d367962